INTRODUCTION TO INFORMATION TECHNOLOGY / (Record no. 587426)

000 -LEADER
fixed length control field 00352nam a22001457a 4500
020 ## - INTERNATIONAL STANDARD BOOK NUMBER
Qualifying information PB.
040 ## - CATALOGING SOURCE
Transcribing agency FIZZA ISHAQ
082 ## - DEWEY DECIMAL CLASSIFICATION NUMBER
Classification number 658.5
Author Mark IIL
100 ## - MAIN ENTRY--PERSONAL NAME
Personal name EDUCATION, IIL.
9 (RLIN) 86838
245 ## - TITLE STATEMENT
Title INTRODUCTION TO INFORMATION TECHNOLOGY /
Statement of responsibility, etc. IIL EDUCATION.
250 ## - EDITION STATEMENT
Edition statement 2nd ED.
260 ## - PUBLICATION, DISTRIBUTION, ETC.
Place of publication, distribution, etc. NEW YORK :
Date of publication, distribution, etc. 2011.
300 ## - PHYSICAL DESCRIPTION
Extent 757 P, ;
942 ## - ADDED ENTRY ELEMENTS (KOHA)
Source of classification or shelving scheme
Koha item type Book
Holdings
Withdrawn status Lost status Source of classification or shelving scheme Damaged status Not for loan Permanent Location Current Location Date acquired Total Checkouts Full call number Barcode Date last seen Price effective from Koha item type
          NUST Baluchistan Campus (NBC) NUST Baluchistan Campus (NBC) 12/20/2021   658.5 IIL Q-2233 12/20/2021 12/20/2021 Book
© 2023 Central Library, National University of Sciences and Technology. All Rights Reserved.